Statistics for Most Rushing Yards For A QB In A Season

Click here to take the quiz!

General Stats

  • This quiz has been taken 25 times
  • The average score is 5 of 10

Answer Stats

HintAnswer% Correct
2019Lamar Jackson
91%
2022Justin Fields
87%
2006Michael Vick
87%
2021Josh Allen
70%
2017Cam Newton
61%
2021Jalen Hurts
52%
2020Kyler Murray
52%
2012Robert Griffin III
35%
1972Bobby Douglas
9%
2014Russel Wilson
0%

Score Distribution

Percentile by Number Answered

Percent of People with Each Score

Your Score History

You have not taken this quiz